Renee Rapp - Too Well - Statistics

General Stats
  • This quiz has been taken 168 times
  • The average score is 218 of 259
Answer Stats
Answer % Correct
I
100%
to
100%
do
99%
don't
98%
for
98%
my
98%
too
98%
you
98%
You
98%
a
97%
much
96%
but
95%
But
95%
good
95%
hate
95%
in
95%
on
95%
well
95%
as
94%
up
94%
woke
94%
mood
93%
once
93%
so
93%
Today
93%
time
91%
can't
90%
myself
90%
overthinkin'
90%
stop
90%
First
89%
of
89%
sick
89%
get
88%
months
87%
six
87%
your
87%
and
86%
And
86%
else
86%
where
86%
you're
86%
forget
85%
I'm
85%
it
85%
happy
83%
somewhere
83%
friends
81%
there
81%
be
80%
callin'
80%
never
80%
doin'
79%
ends
79%
shit
79%
This
79%
this
79%
again
78%
heard
78%
It's
78%
back
77%
dreams
77%
cryin'
76%
started
76%
weren't
72%
easier
71%
finally
71%
I'd
71%
day
70%
holdin'
70%
rather
70%
sleep
70%
could
69%
felt
69%
grudge
68%
sucks
67%
than
66%
angry
64%
me
64%
crushed
63%
reminiscin'
60%
What
57%
what
57%
name
55%
biggest
54%
hearin'
54%
mistake
54%
at
53%
shame
53%
face
52%
Just
51%
still
51%
that
51%
see
50%
ask
49%
doing
49%
space
49%
called
48%
break
47%
eight
47%
more
47%
weeks
47%
wreck
47%
two
46%
ugh
45%
replayin'
40%
No matching quizzes found
Score Distribution
Percent of People with Each Score
Percentile by Number Answered
Your Score History
You have not taken this quiz